| 000 | 01029cam a22003257a 4500 | ||
|---|---|---|---|
| 003 | CHAP | ||
| 005 | 20220329134349.0 | ||
| 008 | 971013s1980 r 00010 d | ||
| 010 | _a19381 | ||
| 011 | _a20353 | ||
| 035 | _a24441 | ||
| 040 | _cCHAP | ||
| 090 | _aD-64 | ||
| 110 | 2 |
_aThe American Phytophatological Society. St. Paul, Minn. _9112621 |
|
| 245 | 1 | 0 | _aSyllabus for bean diseases (Diapositiva) |
| 260 |
_a(s.l.) : _bAmerican Phytophatological Society, _c1980 |
||
| 300 | _a24 diapositvas col. 2 x 2 plg. | ||
| 490 | 0 |
_aDisease of plants _v; 32 |
|
| 500 | _aNota explicativa 2 p. | ||
| 590 |
_aBATCH-UPD _b10 _c20130109 _lUCH01 _h2328 |
||
| 590 |
_aBATCH-UPD _b10 _c20130110 _lUCH01 _h0212 |
||
| 590 |
_aBATCH-UPD _b10 _c20130110 _lUCH01 _h2101 |
||
| 590 |
_aCONVERSION _b10 _c20130109 _lUCH01 _h1312 |
||
| 650 | 1 | 4 |
_aFrijol _xEnfermedades. _943367 |
| 700 | 0 |
_aSherf, Alan F. _9105646 |
|
| 830 | 0 |
_aDisease of plants _v; 32 _932722 |
|
| 901 | _aBK | ||
| 942 | _cD | ||
| 949 |
_aD-64 _bBC _cD _d-56288 _eD _h59139 _i24441 _si |
||
| 999 |
_c19381 _d19381 |
||